000 00485nam a2200181Ia 4500
001 1390
005 20260306143725.0
008 260306t1992||||xx |||||||||||||| ||spa||
041 _aESP
082 _a199.85
_bM64
100 _aPerú. Universidad de Lima
_eAUT
245 0 _aLógica, razón y humanismo:
_bla obra filosófica de Francisco Miró Quesada C.
260 _c1992
300 _axx, 443 páginas :
_c23 cm.
650 _aGEN
654 _aCHU
942 _cLIB
_dJUS
_fJUS
_2ddc
_n
999 _c1390
_d1390